| 000 | 00917nab a22002417a 4500 | ||
|---|---|---|---|
| 001 | 11290 | ||
| 003 | HDC | ||
| 007 | cr bn ---aaaaa | ||
| 008 | 210128c99999999my ||||o |||| 00| 00eng d | ||
| 040 | _aHDC | ||
| 100 |
_aFreya Noble, _eauthor _911586 |
||
| 245 | 0 |
_aNot again! Angry customer takes to social media to boycott Cadbury chocolate because it is 'halal certified' ... just a week after Aussie brands take a beating / _cBy Freya Noble and Cindy Tran |
|
| 336 |
_atext _2rdacontent |
||
| 337 |
_acomputer _2rdamedia |
||
| 338 |
_aonline resource _2rdacarrier |
||
| 650 |
_aBusiness names _9418 |
||
| 650 |
_aFood _xReligious aspect _yIslam _911587 |
||
| 710 | _aMail Online | ||
| 856 | _zRequest full-text at [email protected] | ||
| 942 | _2lcc | ||
| 942 | _cNEWS | ||
| 942 | _kNWSO 001539 | ||
| 999 |
_c8613 _d8613 |
||